[Event "Europa Clubs Cup (Frauen)"] 
[Site "Rethymnon (Kreta)"]
[Date "2003.09.28"]
[Round "1.11"]
[White "Dzagnidze, Nana"]
[Black "Makka, Ioulia"]
[Result "1-0"]
[WhiteElo "2446"]
[BlackElo "2275"]
[PlyCount "61"]
[EventDate "2003.09.30"]

1. d4 d5 2. Nf3 Nf6 3. Bg5 e6 4. e3 Be7 5. Bd3 h6 6. Bf4 c5 7. c3 Nc6 8. O-O
O-O 9. Nbd2 b6 10. h3 Bb7 11. Qe2 Rc8 12. dxc5 Bxc5 13. e4 Re8 14. e5 Nd7 15.
Nb3 Be7 16. Bc2 Qc7 17. Rac1 Nf8 18. Nfd4 f6 19. Nxc6 Bxc6 20. Nd4 Bd7 21. Rfe1
f5 22. Bxf5 exf5 23. e6 Bb5 24. Qf3 Qc5 25. Re5 Bc6 26. Rxf5 Ng6 27. Bxh6 gxh6
28. Qh5 Nh8 29. Qxh6 Rf8 30. Rh5 Bf6 31. Qh7# 1-0

[Event "Europa Clubs Cup (Frauen)"] 
[Site "Rethymnon (Kreta)"] 
[Date "2003.09.28"]
[Round "1.13"]
[White "Matnadze, Ana"]
[Black "Stefanidi, Maria Anna"]
[Result "1/2-1/2"]
[WhiteElo "2386"]
[BlackElo "2134"]
[PlyCount "63"]
[EventDate "2003.09.30"]

1. d4 Nf6 2. g3 g6 3. Bg2 Bg7 4. Nf3 O-O 5. O-O d5 6. c4 c6 7. Nc3 Nbd7 8. cxd5
cxd5 9. Qb3 Nb6 10. Ne5 Be6 11. a4 a5 12. Rd1 Ra6 13. Bf4 Nh5 14. Nb5 Nxf4 15.
gxf4 Nc4 16. Rac1 Qb6 17. Qa2 Raa8 18. Qb3 Nd6 19. Nc7 Rac8 20. Nxe6 Rxc1 21.
Rxc1 fxe6 22. Nd7 Qxd4 23. e3 Qb4 24. Nxf8 Kxf8 25. Qc2 b5 26. axb5 Qxb5 27. h4
d4 28. Rd1 dxe3 29. fxe3 Qh5 30. e4 Qxh4 31. e5 Nf5 32. Qe4 1/2-1/2

[Event "Europa Clubs Cup (Frauen)"] 
[Site "Rethymnon (Kreta)"] 
[Date "2003.09.28"]
[Round "1.14"]
[White "Markantonaki, Haritomeni"]
[Black "Gvetadze, Sopio"]
[Result "0-1"]
[WhiteElo "2059"]
[BlackElo "2287"]
[PlyCount "132"]
[EventDate "2003.09.30"]

1. e4 d5 2. exd5 Nf6 3. d4 Nxd5 4. c4 Nb6 5. Nc3 g6 6. Be3 Bg7 7. h3 O-O 8. Nf3
Nc6 9. Be2 e5 10. dxe5 Nxe5 11. Nxe5 Bxe5 12. O-O Be6 13. Qb3 c6 14. Rad1 Qc7
15. Ne4 Rad8 16. Nc5 Bc8 17. a4 Rfe8 18. Bf3 Qe7 19. a5 Na8 20. Ne4 Bf5 21.
Rfe1 Rxd1 22. Rxd1 Qc7 23. Nc5 Bc8 24. Bd2 Bd4 25. Bb4 Qf4 26. Nd3 Qf6 27. Bc5
Nc7 28. Bxd4 Qxd4 29. Ne1 Qe5 30. Qa3 Be6 31. Qb4 Bc8 32. Qa3 Na6 33. b4 Qg5
34. Kh1 Be6 35. Qc3 Qh4 36. b5 Nb8 37. bxc6 bxc6 38. Qd4 Qxd4 39. Rxd4 Bxh3 40.
gxh3 Rxe1+ 41. Kg2 Kf8 42. Rh4 h5 43. Rd4 Ke7 44. Rd2 Rb1 45. Be4 Rb4 46. Re2
Kd6 47. Bd3 Nd7 48. Re8 Ra4 49. a6 Nc5 50. Be2 Rxa6 51. Rd8+ Ke7 52. Rc8 Ne6
53. Bf3 Kd7 54. Rb8 Ra4 55. Rb7+ Nc7 56. Be2 Kc8 57. Rb2 Ne6 58. Kh2 Kc7 59.
Bf1 a5 60. Rb3 Ra1 61. Bg2 a4 62. Rf3 f5 63. Re3 Nd4 64. Re7+ Kb6 65. Rd7 Kc5
66. Rg7 a3 0-1

[Event "Europa Clubs Cup (Frauen)"] 
[Site "Rethymnon (Kreta)"] 
[Date "2003.09.28"]
[Round "1.21"]
[White "Stepovaia Dianchenko, Tatiana"]
[Black "Matveeva, Svetlana"]
[Result "0-1"]
[WhiteElo "2372"]
[BlackElo "2478"]
[PlyCount "84"]
[EventDate "2003.09.30"]

1. e4 e6 2. d4 d5 3. Nc3 Bb4 4. e5 c5 5. a3 Bxc3+ 6. bxc3 Qa5 7. Bd2 Qa4 8. Qb1
c4 9. Nh3 f6 10. f4 Nc6 11. Be2 f5 12. O-O b6 13. Nf2 Bd7 14. Nd1 Nge7 15. Nb2
Qa6 16. a4 O-O 17. Nd1 Rab8 18. Ne3 Qc8 19. Bc1 a6 20. Ba3 b5 21. Bd6 Rb7 22.
axb5 axb5 23. Qb2 Be8 24. Bf3 Bf7 25. Ra2 Qd7 26. Rfa1 h6 27. g3 Kh7 28. Ra6
Rc8 29. Ra8 Rxa8 30. Rxa8 Nc8 31. Bc5 Nb6 32. Bxb6 Rxb6 33. Ra1 b4 34. cxb4
Rxb4 35. Qc3 Qb7 36. Rd1 Qa7 37. Kf2 Ra4 38. Nf1 Ra3 39. Qd2 c3 40. Qe3 Ra4 41.
Qxc3 Nxd4 42. Ne3 Nxf3 0-1

[Event "Europa Clubs Cup (Frauen)"] 
[Site "Rethymnon (Kreta)"] 
[Date "2003.09.28"]
[Round "1.24"]
[White "Benderac, Ana"]
[Black "Ovod, Evgenija"]
[Result "1-0"]
[WhiteElo "2310"]
[BlackElo "2307"]
[PlyCount "67"]
[EventDate "2003.09.30"]

1. d4 Nf6 2. Nf3 d5 3. e3 e6 4. Bd3 Bd6 5. O-O b6 6. Ne5 Bxe5 7. dxe5 Nfd7 8.
Qg4 g6 9. Qg3 Ba6 10. e4 Bxd3 11. cxd3 dxe4 12. Bg5 Qc8 13. d4 Nc6 14. Qc3 Ne7
15. Bxe7 Kxe7 16. Nd2 Qb7 17. Qe3 f5 18. exf6+ Nxf6 19. f3 exf3 20. Qa3+ Kd7
21. Nxf3 Raf8 22. Ne5+ Ke8 23. Rac1 Nd5 24. Rfe1 Ne7 25. Nc6 Nxc6 26. Rxe6+ Kd8
27. Rexc6 Rf7 28. d5 Re8 29. h3 Ree7 30. Qc3 b5 31. d6 cxd6 32. Rc8+ Kd7 33.
Rc7+ Kd8 34. Rxb7 1-0

[Event "Europa Clubs Cup (Frauen)"] 
[Site "Rethymnon (Kreta)"] 
[Date "2003.09.28"]
[Round "1.33"]
[White "Petrenko, Svetlana"]
[Black "Nepeina-Leconte, Maria"]
[Result "1-0"]
[WhiteElo "2346"]
[BlackElo "2302"]
[PlyCount "157"]
[EventDate "2003.09.30"]

1. e4 e6 2. d4 d5 3. e5 c5 4. c3 Qb6 5. Nf3 Bd7 6. Be2 Bb5 7. O-O Bxe2 8. Qxe2
Qa6 9. Qe3 Ne7 10. Nbd2 Nf5 11. Qf4 h6 12. dxc5 g5 13. Qg4 Nc6 14. Nb3 Be7 15.
Qh5 Ng7 16. Qh3 O-O-O 17. Re1 Rdg8 18. g3 Nf5 19. Qf1 Qa4 20. Nfd4 h5 21. Qb5
Qc4 22. Qxc4 dxc4 23. Nxc6 bxc6 24. Nd2 Bxc5 25. Nxc4 g4 26. b4 Be7 27. Bf4 h4
28. Rad1 Rd8 29. Nd6+ Bxd6 30. exd6 Kd7 31. Re5 f6 32. Ra5 e5 33. Rxa7+ Ke6 34.
Bc1 hxg3 35. hxg3 Nxd6 36. Be3 Ne4 37. Rxd8 Rxd8 38. c4 Rd3 39. Kg2 Rc3 40. b5
Rxc4 41. b6 Rb4 42. a4 c5 43. a5 Rb5 44. b7 Nd6 45. a6 Kd5 46. Ra8 Nxb7 47.
axb7 Rxb7 48. Rd8+ Ke4 49. Bxc5 f5 50. Re8 Rb5 51. Be3 Rb4 52. Bd2 Rc4 53. Bg5
Rc6 54. Kf1 Rc2 55. Kg2 Rc6 56. Bf4 Rc5 57. Kf1 Ra5 58. Ke2 Ra2+ 59. Bd2 Ra4
60. Rf8 Ra2 61. Rb8 Ra3 62. Rb2 Kd5 63. Rc2 Ra4 64. Rb2 Ra3 65. Rb4 Ra2 66. Kd3
Kc5 67. Rb3 Ra4 68. Be3+ Kd5 69. Rb5+ Ke6 70. Bd2 Rd4+ 71. Ke2 Re4+ 72. Kf1 Ra4
73. Bc3 Re4 74. Rb4 Rxb4 75. Bxb4 f4 76. Ke2 Kd5 77. Kd3 e4+ 78. Ke2 e3 79.
gxf4 1-0

[Event "Europa Clubs Cup (Frauen)"] 
[Site "Rethymnon (Kreta)"] 
[Date "2003.09.28"]
[Round "1.34"]
[White "Trabert, Bettina"]
[Black "Partac, Elena"]
[Result "1-0"]
[WhiteElo "2253"]
[BlackElo "2227"]
[PlyCount "72"]
[EventDate "2003.09.30"]

1. e4 c5 2. Nf3 Nc6 3. d4 cxd4 4. Nxd4 g6 5. c4 Bg7 6. Be3 Nf6 7. Nc3 O-O 8.
Be2 b6 9. O-O Bb7 10. Nb3 Rc8 11. f4 d6 12. Rc1 Nb4 13. Nd2 Nd7 14. a3 Nc6 15.
Bg4 Nd4 16. Ndb1 e5 17. Bxd4 exd4 18. Nb5 Bxe4 19. Nxd6 f5 20. Nxc8 Qxc8 21.
Nd2 Bxg2 22. Kxg2 fxg4 23. Qxg4 Rf5 24. Rce1 Nf6 25. Qe2 Rh5 26. Qe6+ Qxe6 27.
Rxe6 Ng4 28. Kg3 Ne3 29. Re1 Bh6 30. Re4 Nf5+ 31. Kg2 Ne3+ 32. Kg1 Rh4 33. Rxd4
Nf5 34. Rd7 Bf8 35. Ne4 Rg4+ 36. Kh1 Rxf4 1-0

[Event "Europa Clubs Cup (Frauen)"] 
[Site "Rethymnon (Kreta)"] 
[Date "2003.09.28"]
[Round "1.41"]
[White "Demina, Julia"]
[Black "Bojkovic, Natasa"]
[Result "1/2-1/2"]
[WhiteElo "2335"]
[BlackElo "2408"]
[PlyCount "106"]
[EventDate "2003.09.30"]

1. Nf3 Nf6 2. c4 b6 3. g3 c5 4. Bg2 Bb7 5. O-O e6 6. Nc3 d6 7. Re1 a6 8. a4 Be7
9. e4 O-O 10. d3 Qc7 11. h3 Re8 12. Be3 Nc6 13. Rc1 Rac8 14. Kh2 Nb4 15. b3 Qb8
16. Bf4 Nh5 17. Bg5 Nf6 18. Bf4 Nh5 19. Bg5 Nf6 20. Bf4 Qa8 21. g4 Nd7 22. Bg3
Rcd8 23. Qe2 d5 24. Rcd1 Bf6 25. e5 Be7 26. cxd5 Nxd5 27. Ne4 Nf8 28. Nh4 Rd7
29. g5 Red8 30. Qg4 Ng6 31. Nxg6 hxg6 32. Bf1 Nb4 33. Re3 Nc2 34. Re2 Nb4 35.
Re3 Rd4 36. f4 Bd5 37. Rb1 Bc6 38. h4 Nxd3 39. h5 gxh5 40. Qxh5 Bb7 41. f5 g6
42. Qh4 Bf8 43. Bg2 Bg7 44. Rh1 Nxe5 45. Kg1 Rd1+ 46. Bf1 Nc6 47. Qh7+ Kf8 48.
Bc7 Re8 49. Bxb6 Ne7 50. Kg2 Rd4 51. Kf3 Qb8 52. Ba5 Nxf5 53. Bb6 Bc6 {
And after 22 moves the game finshed withnobody to win} 1/2-1/2

[Event "Europa Clubs Cup (Frauen)"] 
[Site "Rethymnon (Kreta)"] 
[Date "2003.09.28"]
[Round "1.42"]
[White "Prudnikova, Svetlana"]
[Black "Kryukova, Irina"]
[Result "1-0"]
[WhiteElo "2412"]
[BlackElo "2317"]
[PlyCount "83"]
[EventDate "2003.09.30"]

1. Nf3 Nf6 2. c4 e6 3. g3 b6 4. Bg2 Bb7 5. O-O Be7 6. Nc3 d5 7. cxd5 exd5 8. d4
O-O 9. Bf4 Nh5 10. Be3 Na6 11. Rc1 Nf6 12. Ne5 c6 13. Bg5 Nd7 14. Bf4 Nxe5 15.
Bxe5 Bg5 16. e3 Be7 17. h4 Bd6 18. Bxd6 Qxd6 19. e4 dxe4 20. Nxe4 Qd7 21. Qb3
Rad8 22. Rfd1 Rfe8 23. Ng5 Nc7 24. Qc2 g6 25. Bxc6 Bxc6 26. Qxc6 Qxc6 27. Rxc6
Nd5 28. Kf1 Rd7 29. a3 Red8 30. Nf3 f6 31. Rdc1 Kf7 32. Rc8 Rxc8 33. Rxc8 Ne7
34. Ra8 Rc7 35. Ke2 Rc2+ 36. Nd2 Rc7 37. Kd3 Nc8 38. a4 Ke6 39. Nc4 Kd5 40. Na3
Nd6 41. Rd8 a6 42. Nc4 1-0

[Event "Europa Clubs Cup (Frauen)"] 
[Site "Rethymnon (Kreta)"] 
[Date "2003.09.28"]
[Round "1.44"]
[White "Manakova, Maria"]
[Black "Kineva, Ekaterina"]
[Result "1-0"]
[WhiteElo "2365"]
[BlackElo "2210"]
[PlyCount "75"]
[EventDate "2003.09.30"]

1. e4 c5 2. Nf3 d6 3. c3 Nf6 4. Bd3 g6 5. h3 Bg7 6. Bc2 O-O 7. O-O Nc6 8. Re1
e5 9. d4 exd4 10. cxd4 cxd4 11. Nxd4 Nxd4 12. Qxd4 Re8 13. Qd1 d5 14. e5 Ne4
15. Bxe4 dxe4 16. Qxd8 Rxd8 17. Bf4 f5 18. exf6 Bxf6 19. Nc3 g5 20. Nxe4 Bxb2
21. Rab1 gxf4 22. Rxb2 b6 23. Nf6+ Kf7 24. Nh5 f3 25. g4 Bb7 26. Rb4 Re8 27.
Rf4+ Kg6 28. Rf6+ Kg5 29. Rxe8 Rxe8 30. Kh2 Re1 31. Rf5+ Kh6 32. Kg3 Re6 33.
Rf7 Bc6 34. Rxa7 Re1 35. Kh4 Re2 36. Rg7 Re4 37. Rg5 Rf4 38. Nxf4 1-0

[Event "Europa Clubs Cup (Frauen)"] 
[Site "Rethymnon (Kreta)"] 
[Date "2003.09.28"]
[Round "1.52"]
[White "Zaiatz, Elena"]
[Black "Zatulovskaya, Tatiana"]
[Result "1/2-1/2"]
[WhiteElo "2332"]
[BlackElo "2178"]
[PlyCount "62"]
[EventDate "2003.09.30"]

1. d4 Nf6 2. c4 g6 3. Nc3 Bg7 4. e4 d6 5. Be2 O-O 6. Bg5 h6 7. Be3 c6 8. h3 e5
9. d5 cxd5 10. cxd5 a5 11. Nf3 Na6 12. Nd2 Nc5 13. a3 Ne8 14. b4 axb4 15. axb4
Rxa1 16. Qxa1 Na6 17. Qa3 f5 18. b5 Nc5 19. Bxc5 dxc5 20. Qxc5 b6 21. Qe3 f4
22. Qd3 Nd6 23. Nc4 Rf7 24. O-O Nxc4 25. Qxc4 f3 26. Bxf3 Rxf3 27. gxf3 Qg5+
28. Kh2 Qf4+ 29. Kg2 Bxh3+ 30. Kxh3 Qxf3+ 31. Kh2 Qf4+ 1/2-1/2

[Event "Europa Clubs Cup (Frauen)"] 
[Site "Rethymnon (Kreta)"] 
[Date "2003.09.28"]
[Round "1.53"]
[White "Dotan, Valeria"]
[Black "Mashinskaya, Iulia"]
[Result "1/2-1/2"]
[WhiteElo "2029"]
[BlackElo "2183"]
[PlyCount "68"]
[EventDate "2003.09.30"]

1. Nf3 d5 2. d4 Nf6 3. c4 c6 4. Nc3 dxc4 5. a4 Na6 6. e3 Bg4 7. Bxc4 e6 8. O-O
Nb4 9. Qe2 Be7 10. Rd1 O-O 11. b3 a5 12. Bb2 Qb6 13. Rac1 Rfd8 14. h3 Bh5 15.
Ba3 Rac8 16. Nb1 Bf8 17. Bxb4 Bxb4 18. Nbd2 Nd5 19. Nb1 Be7 20. Nc3 Ba3 21. Rc2
Bb4 22. Nxd5 cxd5 23. Bd3 Rxc2 24. Qxc2 f5 25. Rc1 Bxf3 26. gxf3 Bd6 27. f4 Rf8
28. Bb5 Qd8 29. Qd1 Rf7 30. Qh5 g6 31. Qg5 Qxg5+ 32. fxg5 Rc7 33. Rxc7 Bxc7 34.
f4 Kf7 1/2-1/2

[Event "Europa Clubs Cup (Frauen)"] 
[Site "Rethymnon (Kreta)"] 
[Date "2003.09.28"]
[Round "1.54"]
[White "Shaidullina, Sandugach"]
[Black "Smurin, Galina"]
[Result "1-0"]
[WhiteElo "2334"]
[BlackElo "2108"]
[PlyCount "43"]
[EventDate "2003.09.30"]

1. d4 d5 2. Nf3 Nf6 3. c4 e6 4. Nc3 Be7 5. Bg5 Nbd7 6. cxd5 exd5 7. e3 c6 8.
Bd3 O-O 9. Qc2 Re8 10. O-O Nf8 11. Rae1 g6 12. Ne5 Ne6 13. Bh6 Ng7 14. Bxg7
Kxg7 15. f4 Be6 16. Qf2 Qc7 17. Qh4 a6 18. g3 a5 19. g4 b5 20. Ne2 c5 21. b3 c4
22. Bc2 {,,,} 1-0

[Event "Europa Clubs Cup (Frauen)"] 
[Site "Rethymnon (Kreta)"] 
[Date "2003.09.28"]
[Round "1.62"]
[White "Jiretorn, Eva"]
[Black "Shumiakina, Tatiana"]
[Result "1-0"]
[WhiteElo "2146"]
[BlackElo "2355"]
[PlyCount "112"]
[EventDate "2003.09.30"]

1. d4 d5 2. c4 c6 3. e3 Nf6 4. Nf3 Bf5 5. Nc3 e6 6. Qb3 Qb6 7. Nh4 Qxb3 8. axb3
Bc2 9. c5 Bxb3 10. Bd3 Nbd7 11. Nf3 Bc4 12. Bxc4 dxc4 13. O-O Be7 14. Nd2 b5
15. cxb6 Nxb6 16. Na4 Nfd7 17. Ne4 O-O 18. Bd2 Rfc8 19. Rfc1 c5 20. dxc5 Bxc5
21. g3 Be7 22. Nxb6 Nxb6 23. Ra6 Nd7 24. Rca1 Rc7 25. Ba5 Rb7 26. Bc3 h6 27.
R1a2 Bb4 28. Bd4 e5 29. Rxa7 Rbxa7 30. Rxa7 Rxa7 31. Bxa7 f5 32. Nc3 Bxc3 33.
bxc3 Kf7 34. f4 Ke6 35. fxe5 Nxe5 36. h3 Kd5 37. Kf2 Ke4 38. Bd4 Nd3+ 39. Ke2
g5 40. Bg7 h5 41. Bf6 g4 42. h4 Nc1+ 43. Kd2 Kf3 44. Kxc1 Kxg3 45. Kd2 Kf3 46.
Be5 g3 47. Ke1 g2 48. Bh2 Kxe3 49. Bg1+ Kf3 50. Bc5 Kg4 51. Kf2 Kh3 52. Ke1 f4
53. Bd4 Kg3 54. Bf2+ Kf3 55. Bg1 Kg3 56. Bf2+ Kf3 1-0

[Event "Europa Clubs Cup (Frauen)"] 
[Site "Rethymnon (Kreta)"] 
[Date "2003.09.28"]
[Round "1.63"]
[White "Grabuzova, Tatiana"]
[Black "Borisova, Borislava"]
[Result "0-1"]
[WhiteElo "2362"]
[BlackElo "2160"]
[PlyCount "130"]
[EventDate "2003.09.30"]

1. b3 e5 2. Bb2 Nc6 3. e3 Nf6 4. Ne2 Be7 5. f4 exf4 6. Nxf4 d5 7. Bb5 Bg4 8.
Qc1 O-O 9. O-O Nb8 10. Qe1 Ne4 11. Nc3 c6 12. Nxe4 dxe4 13. Qg3 Bf6 14. Bxf6
Qxf6 15. Qxg4 cxb5 16. Nd5 Qe5 17. Nf6+ Kh8 18. Nxe4 Nc6 19. Qf5 Rad8 20. Qxe5
Nxe5 21. Rf5 f6 22. d4 Ng4 23. Re1 Rfe8 24. Rf4 h5 25. h3 g5 26. Rff1 Rxe4 27.
hxg4 hxg4 28. Rxf6 g3 29. Rf5 Rdxd4 30. Rf3 Rd2 31. Rxg3 Rxc2 32. Rxg5 Rxa2 33.
Kh2 a6 34. Kg3 Re7 35. e4 Rg7 36. Kh4 Rxg2 37. Rxg2 Rxg2 38. Kh3 Rg7 39. b4 Kg8
40. Rf1 Rf7 41. Rc1 Kf8 42. Kg4 Ke7 43. Rc5 Ke6 44. Kg5 Rf1 45. Rc7 b6 46. Ra7
Ke5 47. Rxa6 Kxe4 48. Rxb6 Rf5+ 49. Kg4 Rd5 50. Rb8 Kd3 51. Kf4 Kc4 52. Ke4 Rd1
53. Ke3 Kxb4 54. Ke2 Rd7 55. Rh8 Ka4 56. Rh1 b4 57. Rh8 Ka3 58. Ra8+ Kb2 59.
Rb8 b3 60. Ke3 Kc2 61. Rc8+ Kb1 62. Rb8 b2 63. Ra8 Kc2 64. Rc8+ Kd1 65. Rb8 Rd2
0-1

[Event "Europa Clubs Cup (Frauen)"] 
[Site "Rethymnon (Kreta)"] 
[Date "2003.09.29"]
[Round "2.11"]
[White "Johansson, Victoria"]
[Black "Dzagnidze, Nana"]
[Result "0-1"]
[WhiteElo "2167"]
[BlackElo "2446"]
[PlyCount "132"]
[EventDate "2003.09.30"]

1. d4 Nf6 2. c4 e6 3. Nc3 Bb4 4. e3 c5 5. Nf3 O-O 6. Bd3 Nc6 7. O-O d5 8. a3
Bxc3 9. bxc3 dxc4 10. Bxc4 Qc7 11. Qe2 e5 12. h3 Bf5 13. Ba2 e4 14. Nd2 Rad8
15. Bb2 Qe7 16. Nb3 Nd7 17. Nd2 Nb6 18. Rfd1 a6 19. Nf1 Be6 20. c4 Bc8 21. Ng3
Na4 22. dxc5 Nxc5 23. Bd4 Rfe8 24. Bxc5 Qxc5 25. Rxd8 Rxd8 26. Rd1 Rxd1+ 27.
Qxd1 Qxa3 28. Bb1 Qa1 29. Nxe4 Bf5 30. Nd2 g6 31. e4 Be6 32. Bc2 Qc3 33. Ba4
Ne5 34. h4 Nxc4 35. Nf3 b5 36. Qd8+ Kg7 37. Bd1 Qf6 38. Qb8 Qa1 39. Qd8 Bg4 40.
Kh2 Bxf3 41. Bxf3 Qf6 42. Qd5 Qe5+ 43. Qxe5+ Nxe5 44. Be2 b4 45. f4 Nd7 46.
Bxa6 Nc5 47. Be2 Nxe4 48. Bc4 Nd2 49. Bd3 b3 50. f5 b2 51. fxg6 fxg6 52. h5
gxh5 53. Kg3 b1=Q 54. Bxb1 Nxb1 55. Kh4 Kg6 56. g4 hxg4 57. Kxg4 h5+ 58. Kh4
Nc3 59. Kg3 Kg5 60. Kh3 h4 61. Kg2 Kg4 62. Kh2 h3 63. Kg1 Kg3 64. Kh1 Ne4 65.
Kg1 h2+ 66. Kh1 Nf2# 0-1

[Event "Europa Clubs Cup (Frauen)"] 
[Site "Rethymnon (Kreta)"] 
[Date "2003.09.29"]
[Round "2.13"]
[White "Borisova, Borislava"]
[Black "Javakhishvili, Lela"]
[Result "1/2-1/2"]
[WhiteElo "2160"]
[BlackElo "2393"]
[PlyCount "100"]
[EventDate "2003.09.30"]

1. Nf3 Nf6 2. g3 b5 3. Bg2 Bb7 4. O-O e6 5. b3 c5 6. Bb2 Be7 7. d3 d5 8. Nbd2
O-O 9. e3 Nc6 10. a3 Qb6 11. Rb1 Rfd8 12. Qe2 d4 13. e4 Qc7 14. Bc1 Rac8 15. h3
Ba6 16. Ne1 c4 17. b4 cxd3 18. cxd3 Bb7 19. Nb3 a5 20. bxa5 Nxa5 21. Bd2 Nxb3
22. Rxb3 Ra8 23. Rxb5 Rxa3 24. Bf4 Qd7 25. Qb2 Ba6 26. Rb3 Rxb3 27. Qxb3 Qb5
28. Qa2 Nd7 29. Nc2 e5 30. Bd2 Qxd3 31. Bb4 Bc4 32. Qa5 Qxc2 33. Bxe7 Rc8 34.
Ra1 h6 35. Ba3 d3 36. Bb4 Rb8 37. Bf3 Kh7 38. Bd1 Qb2 39. Bc3 Qb7 40. Bxe5 Re8
41. Bc3 Qxe4 42. Ra4 Rb8 43. Rb4 Rxb4 44. Qxb4 Qc6 45. Ba4 Qd5 46. Bxd7 d2 47.
Bxd2 Qxd7 48. Qxc4 Qxd2 49. Qe4+ g6 50. Kg2 h5 1/2-1/2

[Event "Europa Clubs Cup (Frauen)"] 
[Site "Rethymnon (Kreta)"] 
[Date "2003.09.29"]
[Round "2.21"]
[White "Matveeva, Svetlana"]
[Black "Ptacnikova, Lenka"]
[Result "1-0"]
[WhiteElo "2478"]
[BlackElo "2215"]
[PlyCount "67"]
[EventDate "2003.09.30"]

1. d4 Nf6 2. c4 e6 3. Nc3 Bb4 4. Qc2 O-O 5. a3 Bxc3+ 6. Qxc3 b6 7. Nf3 Ne4 8.
Qc2 Bb7 9. g3 f5 10. Bg2 Nc6 11. O-O d6 12. Rd1 Qe7 13. b4 e5 14. d5 Nb8 15.
Nh4 Qf6 16. Bb2 g5 17. Nxf5 Nxf2 18. Kxf2 Qxf5+ 19. Qxf5 Rxf5+ 20. Kg1 a5 21.
c5 axb4 22. c6 Bc8 23. axb4 Rxa1 24. Rxa1 Ba6 25. Be4 Rf8 26. Bd3 Bc8 27. Kg2
Bg4 28. h3 Bh5 29. b5 e4 30. Bc4 e3 31. Rf1 Re8 32. Bd3 h6 33. g4 Bf7 34. Bh7+
1-0

[Event "Europa Clubs Cup (Frauen)"] 
[Site "Rethymnon (Kreta)"] 
[Date "2003.09.29"]
[Round "2.31"]
[White "Bojkovic, Natasa"]
[Black "Galiamova, Alisa"]
[Result "0-1"]
[WhiteElo "2408"]
[BlackElo "2502"]
[PlyCount "96"]
[EventDate "2003.09.30"]

1. e4 c5 2. Nc3 d6 3. Nf3 Nf6 4. d4 cxd4 5. Nxd4 a6 6. Be2 g6 7. O-O Bg7 8. Re1
O-O 9. Nb3 Nc6 10. Bf1 Bg4 11. f3 Be6 12. Kh1 Rc8 13. Bg5 h6 14. Bh4 Ne5 15.
Nd5 Bxd5 16. exd5 Qc7 17. c3 Nc4 18. Bxc4 Qxc4 19. Bxf6 Bxf6 20. Re4 Qb5 21.
Rb4 Qd7 22. Qd2 Kh7 23. Qd3 Rc7 24. Re1 Qf5 25. Rbe4 b5 26. a3 Rfc8 27. Rd1 Rc4
28. Re2 Qxd3 29. Rxd3 Ra4 30. Re4 Rxe4 31. fxe4 Rc4 32. Nd2 Ra4 33. g3 Bg5 34.
Nf3 Rxe4 35. Nxg5+ hxg5 36. Rd2 f5 37. Kg2 Kg7 38. Kf2 Kf6 39. Rd4 Ke5 40. h3
g4 41. hxg4 Rxg4 42. Rd1 Re4 43. Rd3 g5 44. Rd1 g4 45. Rd2 a5 46. b4 a4 47. Rd3
f4 48. gxf4+ Kxf4 0-1

[Event "Europa Clubs Cup (Frauen)"] 
[Site "Rethymnon (Kreta)"] 
[Date "2003.09.29"]
[Round "2.32"]
[White "Zaiatz, Elena"]
[Black "Prudnikova, Svetlana"]
[Result "1/2-1/2"]
[WhiteElo "2332"]
[BlackElo "2412"]
[PlyCount "40"]
[EventDate "2003.09.30"]

1. d4 Nf6 2. c4 e6 3. Nc3 Bb4 4. e3 O-O 5. Nge2 Re8 6. a3 Bf8 7. Ng3 d5 8. cxd5
exd5 9. Be2 a5 10. O-O c6 11. Bd2 Na6 12. Bd3 g6 13. Re1 Bd6 14. f3 Bd7 15.
Nge2 b5 16. e4 b4 17. e5 bxc3 18. Bxc3 Bc7 19. exf6 Qxf6 20. Qd2 Bb6 1/2-1/2

[Event "Europa Clubs Cup (Frauen)"] 
[Site "Rethymnon (Kreta)"] 
[Date "2003.09.29"]
[Round "2.33"]
[White "Gaponenko, Inna"]
[Black "Mashinskaya, Iulia"]
[Result "1/2-1/2"]
[WhiteElo "2399"]
[BlackElo "2183"]
[PlyCount "76"]
[EventDate "2003.09.30"]

1. e4 c5 2. Nf3 Nc6 3. d4 cxd4 4. Nxd4 Qc7 5. Nb5 Qb8 6. Bd3 a6 7. N5c3 e6 8.
Be3 b5 9. O-O Nf6 10. f4 d6 11. Qf3 Bb7 12. Qh3 Be7 13. Nd2 Qc7 14. Rae1 Nb4
15. a3 Nxd3 16. cxd3 Qd7 17. Nf3 a5 18. Nd4 b4 19. Ncb5 e5 20. Qxd7+ Kxd7 21.
Nf5 Ba6 22. a4 Ng4 23. Nxe7 Bxb5 24. axb5 Nxe3 25. Rxe3 Kxe7 26. fxe5 dxe5 27.
Rg3 Rhg8 28. Ra1 a4 29. Kf2 g6 30. Ke3 Rgb8 31. Rh3 h5 32. Rf3 Rxb5 33. Raf1
Rf8 34. Rf6 a3 35. bxa3 bxa3 36. Ra6 Rb3 37. Ra7+ Ke6 38. Ra6+ Ke7 1/2-1/2

[Event "Europa Clubs Cup (Frauen)"] 
[Site "Rethymnon (Kreta)"] 
[Date "2003.09.29"]
[Round "2.34"]
[White "Shaidullina, Sandugash"]
[Black "Manakova, Maria"]
[Result "1/2-1/2"]
[WhiteElo "2334"]
[BlackElo "2365"]
[PlyCount "52"]
[EventDate "2003.09.30"]

1. d4 d5 2. Nf3 e6 3. c4 c6 4. Nbd2 f5 5. g3 Nf6 6. Bg2 Bd6 7. O-O O-O 8. b3 b6
9. Bb2 Bb7 10. Ne5 Nbd7 11. Ndf3 Re8 12. Rc1 Qe7 13. Nd3 dxc4 14. Rxc4 c5 15.
dxc5 Nxc5 16. Nxc5 Bxc5 17. Ne5 b5 18. Rc2 Bxg2 19. Kxg2 Nd5 20. Nd3 Bb6 21.
Rc3 Rec8 22. Qd2 Qb7 23. Kg1 Rd8 24. Rfc1 Qe7 25. a3 Nf6 26. Qg5 Bd4 1/2-1/2

[Event "Europa Clubs Cup (Frauen)"] 
[Site "Rethymnon (Kreta)"] 
[Date "2003.09.29"]
[Round "2.41"]
[White "Makka, Ioulia"]
[Black "Skripchenko , Almira"]
[Result "1/2-1/2"]
[WhiteElo "2275"]
[BlackElo "2489"]
[PlyCount "65"]
[EventDate "2003.09.30"]

1. e4 c5 2. Nf3 Nc6 3. d4 cxd4 4. Nxd4 Qc7 5. Nc3 e6 6. g3 a6 7. Bg2 Nf6 8. O-O
Bc5 9. Nce2 d6 10. c4 Ng4 11. Nb3 Ba7 12. Bf4 Nce5 13. h3 Nf6 14. Rc1 Bd7 15.
Qd2 Bc6 16. c5 Nxe4 17. cxd6 Nxd2 18. dxc7 Ndf3+ 19. Kh1 g5 20. Bxe5 Nxe5 21.
Bxc6+ Nxc6 22. Na5 Kd7 23. Nxb7 Bb6 24. Nc5+ Kxc7 25. Ne4 h6 26. Rc2 Rac8 27.
Rfc1 Kd7 28. Nf6+ Kd6 29. Ne4+ Kd7 30. Nf6+ Kd6 31. Ne4+ Kd7 32. Nf6+ Kd6 33.
Ne4+ 1/2-1/2

[Event "Europa Clubs Cup (Frauen)"] 
[Site "Rethymnon (Kreta)"] 
[Date "2003.09.29"]
[Round "2.43"]
[White "Stefanidi, Maria-Anna"]
[Black "Petrenko, Svetlana"]
[Result "1/2-1/2"]
[WhiteElo "2134"]
[BlackElo "2346"]
[PlyCount "84"]
[EventDate "2003.09.30"]

1. e4 c5 2. Nf3 d6 3. d4 cxd4 4. Nxd4 Nf6 5. Nc3 e5 6. Nb3 Be6 7. Bd3 Be7 8.
O-O O-O 9. Kh1 Nc6 10. f4 exf4 11. Bxf4 Ne5 12. Nd5 Nxd5 13. exd5 Bg4 14. Qd2
Bf6 15. c3 Qd7 16. Rae1 Rfe8 17. Nd4 a6 18. Bg3 Nxd3 19. Qxd3 Be5 20. c4 Rac8
21. b3 h6 22. Bxe5 dxe5 23. Nc2 Bh5 24. Qg3 Bg6 25. Ne3 h5 26. Rc1 b6 27. h3 a5
28. Qf2 f5 29. Nxf5 Rf8 30. g4 hxg4 31. hxg4 Bxf5 32. gxf5 Rf6 33. Rc3 b5 34.
Qc2 b4 35. Re3 Qxd5+ 36. cxd5 Rxc2 37. Rxe5 Rxa2 38. Rd1 Rh6+ 39. Kg1 Rhh2 40.
d6 Rag2+ 41. Kf1 Rf2+ 42. Kg1 Rhg2+ 1/2-1/2

[Event "Europa Clubs Cup (Frauen)"] 
[Site "Rethymnon (Kreta)"] 
[Date "2003.09.29"]
[Round "2.44"]
[White "Partac, Elena"]
[Black "Markantonaki, Haritomeni"]
[Result "1/2-1/2"]
[WhiteElo "2253"]
[BlackElo "2059"]
[PlyCount "118"]
[EventDate "2003.09.30"]

1. e4 e5 2. Nf3 Nc6 3. Bb5 a6 4. Ba4 Bc5 5. c3 b5 6. Bc2 d6 7. h3 Nf6 8. O-O
Bb6 9. Re1 O-O 10. d3 Ne7 11. Nbd2 Ng6 12. Nf1 c6 13. Ng3 Re8 14. d4 Nf4 15.
Nf5 Bxf5 16. exf5 Qc7 17. Bxf4 exf4 18. Qd2 Nh5 19. Re2 Qd7 20. Rae1 a5 21. a3
a4 22. Bb1 h6 23. f6 Nxf6 24. Qxf4 Rxe2 25. Rxe2 c5 26. dxc5 dxc5 27. Rd2 Qc7
28. Qf5 Rd8 29. Rxd8+ Qxd8 30. g3 g6 31. Qc2 Qd6 32. Kg2 Kg7 33. c4 Qc6 34.
cxb5 Qxb5 35. Ba2 Bc7 36. Qc3 Bd6 37. Kg1 Qd7 38. g4 Qe7 39. g5 hxg5 40. Nxg5
Qe5 41. Nxf7 Qxc3 42. bxc3 Bf4 43. Nd8 Bd6 44. Nb7 Be7 45. f3 Nh5 46. Bc4 Nf4
47. Bb5 Nd5 48. Bxa4 Nxc3 49. Bb3 c4 50. Bxc4 Bxa3 51. Kf2 Bc1 52. Nc5 Ba3 53.
Ne6+ Kf6 54. f4 Ne4+ 55. Ke3 Nd6 56. Ba2 Bc1+ 57. Kf3 g5 58. fxg5+ Bxg5 59.
Nxg5 Kxg5 1/2-1/2